[Event "XIII American Continental"]
[Site "Montevideo URU"]
[Date "2018.06.03"]
[Round "4"]
[White "Araujo, Daniel"]
[Black "Miraballes Lopez, Andres"]
[Result "0-1"]
[WhiteElo "1529"]
[BlackElo "1665"]
[EventDate "2018.06.01"]
[PlyCount "56"]

1.d4 f5 2.c4 e6 3.Nc3 Nf6 4.Nf3 c6 5.Bf4 d5 6.e3 Be7 7.Be2 O-O 8.a3 Nbd7 
9.b4 Ne4 10.Qb3 g5 11.Be5 g4 12.Nd2 Nxe5 13.dxe5 Nxd2 14.Qa2 Nxc4 15.Bxc4 
dxc4 16.Rd1 Qc7 17.Qxc4 Qxe5 18.Ke2 Bf6 19.Na4 b5 20.Qxc6 bxa4 21.f4 Qb2+ 
22.Rd2 Qxa3 23.b5 Rb8 24.h3 Qb3 25.hxg4 Qxb5+ 26.Qxb5 Rxb5 27.Ra2 Rb2+ 28.
Rxb2 Bxb2 0-1

[Event "XIII American Continental"]
[Site "Montevideo URU"]
[Date "2018.06.03"]
[Round "4"]
[White "Ribeiro, Gilnei Guedes"]
[Black "Oviedo, Mathias"]
[Result "0-1"]
[WhiteElo "1445"]
[BlackElo "1611"]
[EventDate "2018.06.01"]
[PlyCount "48"]

1.d4 d5 2.Bf4 Nf6 3.e3 c5 4.c3 e6 5.Nf3 Be7 6.Bd3 Nh5 7.Bg3 Nc6 8.Nbd2 O-O
9.Ne5 Nxg3 10.Bxh7+ Kh8 11.hxg3 Bg5 12.Bg6+ Bh6 13.Nxf7+ Rxf7 14.Bxf7 e5 
15.Qh5 exd4 16.Qxd5 Qe7 17.e4 Ne5 18.Bh5 Nd3+ 19.Ke2 Be6 20.Qxe6 Qxe6 21.
Kxd3 dxc3 22.Kxc3 Qf6+ 23.Kc2 Qxf2 24.Rad1 Rd8 0-1

[Event "XIII American Continental"]
[Site "Montevideo URU"]
[Date "2018.06.03"]
[Round "4"]
[White "Shih Ferreira, Yin Chieh"]
[Black "Cardozo, Camila"]
[Result "1-0"]
[WhiteElo "1378"]
[BlackElo "1586"]
[EventDate "2018.06.01"]
[PlyCount "133"]

1.d4 Nf6 2.Bf4 e6 3.Nf3 d5 4.e3 c5 5.h3 Nc6 6.c3 Bd6 7.Bxd6 Qxd6 8.Bd3 O-O
9.O-O b6 10.Nbd2 Bb7 11.Re1 Rad8 12.Qc2 c4 13.Bf1 e5 14.e4 dxe4 15.Nxc4 
Qc7 16.Nfxe5 Nxe5 17.Nxe5 Nd5 18.Qd2 Nb4 19.Qc1 Nd5 20.Rxe4 Nxc3 21.Re3 
Nd5 22.Re2 Qxc1 23.Rxc1 Nf4 24.Rec2 Be4 25.Rc7 a5 26.f3 Bd5 27.a3 Ne6 28.
Nc6 Nxc7 29.Nxd8 Na8 30.Nc6 Re8 31.Kf2 f6 32.Na7 Kf7 33.Nb5 Rd8 34.Bc4 Be6
35.Bxe6+ Kxe6 36.Ke3 Rd5 37.a4 Kd7 38.Ke4 Rg5 39.g4 h5 40.d5 Re5+ 41.Kd4 
hxg4 42.fxg4 Re2 43.b3 Rd2+ 44.Ke4 Re2+ 45.Kd4 Rd2+ 46.Kc4 Rf2 47.Rc3 Rf4+
48.Kd3 Rf3+ 49.Kd4 Rf4+ 50.Ke3 g5 51.d6 Rf1 52.Rd3 Re1+ 53.Kd2 Re4 54.Re3 
Rb4 55.Kc3 Rf4 56.Rd3 Rf1 57.Kd4 Rf4+ 58.Kd5 f5 59.gxf5 Rxf5+ 60.Kd4 Rf4+ 
61.Ke5 Rf8 62.Rg3 Rh8 63.Kf5 Rg8 64.Rxg5 Rf8+ 65.Ke4 Re8+ 66.Kd5 Re3 67.
Rg7+ 1-0

[Event "XIII American Continental"]
[Site "Montevideo URU"]
[Date "2018.06.04"]
[Round "5"]
[White "Shankland, Samuel"]
[Black "Moradiabadi, Elshan"]
[Result "1-0"]
[WhiteElo "2717"]
[BlackElo "2549"]
[EventDate "2018.06.01"]
[PlyCount "121"]

1.e4 e5 2.Nf3 Nc6 3.Bc4 Bc5 4.c3 Nf6 5.d3 a6 6.a4 d6 7.O-O h6 8.Re1 Ba7 9.
Nbd2 g5 10.b4 Ne7 11.Nf1 Be6 12.Bxe6 fxe6 13.Be3 Bxe3 14.Nxe3 Ng6 15.d4 g4
16.Nd2 h5 17.b5 axb5 18.Qb3 Qd7 19.axb5 O-O 20.Rxa8 Rxa8 21.Nec4 exd4 22.
cxd4 d5 23.exd5 Qxd5 24.Qe3 Nh4 25.Qg3 Nf5 26.Qxc7 Qxb5 27.Qf4 Nd5 28.Qg5+
Ng7 29.g3 Nc3 30.Qe3 Qb4 31.Rc1 Nd5 32.Qd3 Rc8 33.Rb1 Qc3 34.Qxc3 Nxc3 35.
Rxb7 Nf5 36.Kg2 Nxd4 37.h3 gxh3+ 38.Kxh3 Rf8 39.f4 Rf7 40.Rb2 Rg7 41.Nd6 
Nf5 42.Nxf5 exf5 43.Rb3 Ne2 44.Re3 Nd4 45.Nc4 Rc7 46.Ne5 Rc1 47.Rd3 Ne6 
48.Rd6 Nc5 49.Rc6 Nb3 50.Rg6+ Kh7 51.Kh4 Nd4 52.Kg5 h4 53.Nd7 Nf3+ 54.Kxf5
Nd4+ 55.Kg5 Nf3+ 56.Kh5 Kh8 57.Nf6 Rc8 58.Kg4 Nd4 59.Kxh4 Rf8 60.g4 Ne6 
61.f5 1-0

[Event "XIII American Continental"]
[Site "Montevideo URU"]
[Date "2018.06.04"]
[Round "5"]
[White "Cori Tello, Jorge"]
[Black "Martinez Alcantara, Jose Eduardo"]
[Result "1-0"]
[WhiteElo "2659"]
[BlackElo "2539"]
[EventDate "2018.06.01"]
[PlyCount "85"]

1.d4 Nf6 2.Nf3 e6 3.c4 Bb4+ 4.Nbd2 O-O 5.a3 Be7 6.e4 d5 7.e5 Nfd7 8.Bd3 c5
9.h4 g6 10.h5 cxd4 11.cxd5 exd5 12.Nb3 Nc6 13.Bf4 g5 14.Bg3 f5 15.exf6 
Bxf6 16.O-O Nb6 17.Qc2 Rf7 18.Rae1 Bg4 19.Nc5 Qc8 20.Nh2 Bxh5 21.Bf5 Qf8 
22.Nxb7 Nb4 23.axb4 Rxb7 24.Ng4 Bxg4 25.Bxg4 d3 26.Qxd3 Kh8 27.Re6 Bg7 28.
Rfe1 Qf7 29.b3 Rf8 30.Bd1 Rd7 31.Bc2 Qh5 32.Re8 Rd8 33.R8e7 Rd7 34.Rxd7 
Nxd7 35.Qxd5 Nf6 36.Qb7 Qh6 37.Bd6 Rd8 38.Qe7 Rd7 39.Qe6 g4 40.Bf5 Rd8 41.
g3 Qd2 42.Bc5 Nd5 43.Bxg4 1-0

[Event "XIII American Continental"]
[Site "Montevideo URU"]
[Date "2018.06.04"]
[Round "5"]
[White "Xiong, Jeffery"]
[Black "Alonso, Salvador"]
[Result "1-0"]
[WhiteElo "2656"]
[BlackElo "2519"]
[EventDate "2018.06.01"]
[PlyCount "65"]

1.d4 d5 2.c4 c6 3.Nf3 Nf6 4.Qb3 dxc4 5.Qxc4 Bf5 6.g3 e6 7.Bg2 Nbd7 8.O-O 
Be7 9.e3 O-O 10.Qe2 Ne4 11.Rd1 Qc7 12.Nfd2 Ndf6 13.Nf1 Nd6 14.f3 Bg6 15.e4
Nd7 16.Nc3 Rae8 17.Bf4 f5 18.Ne3 fxe4 19.fxe4 Qd8 20.Rf1 Nf7 21.Rad1 Qa5 
22.e5 Nb6 23.h4 h6 24.Qg4 Bh7 25.Qxe6 Bxh4 26.Qg4 Bd8 27.Be4 Ng5 28.Bxh7+ 
Kxh7 29.Nf5 Nc4 30.Bxg5 hxg5 31.Qh5+ Kg8 32.Qg6 Qc7 33.Nh6+ 1-0

[Event "XIII American Continental"]
[Site "Montevideo URU"]
[Date "2018.06.04"]
[Round "5"]
[White "Di Berardino, Diego Rafael"]
[Black "Flores, Diego"]
[Result "0-1"]
[WhiteElo "2525"]
[BlackElo "2614"]
[EventDate "2018.06.01"]
[PlyCount "92"]

1.d4 d5 2.c4 e6 3.Nf3 c6 4.e3 f5 5.Bd3 Bd6 6.O-O Nh6 7.b3 Qe7 8.Bb2 Nd7 9.
Nc3 O-O 10.Ne2 b6 11.Rc1 Bb7 12.Ne5 Bxe5 13.dxe5 Ng4 14.cxd5 exd5 15.Ng3 
g6 16.e4 Qh4 17.h3 fxe4 18.Nxe4 Ndxe5 19.Be2 Ne3 20.fxe3 Qxe4 21.Qd2 c5 
22.Rf4 Rxf4 23.exf4 d4 24.Bb5 Nf7 25.Re1 Qf5 26.Re7 Bd5 27.Bd3 Qf6 28.Qe1 
Kf8 29.Re2 a5 30.Bc1 a4 31.bxa4 Rxa4 32.Re8+ Kg7 33.a3 Ra8 34.Rxa8 Bxa8 
35.Qe8 Bc6 36.Qb8 Bd5 37.Qc7 Qd6 38.Qc8 Qc6 39.Qg4 Qe6 40.Qd1 Be4 41.Bf1 
Qa2 42.Qe1 Qc2 43.f5 Bxf5 44.Bf4 Qe4 45.Qxe4 Bxe4 46.Bc7 d3 0-1

[Event "XIII American Continental"]
[Site "Montevideo URU"]
[Date "2018.06.04"]
[Round "5"]
[White "Thavandiran, Shiyam"]
[Black "Cruz Sanchez, Cristhian"]
[Result "1/2-1/2"]
[WhiteElo "2417"]
[BlackElo "2576"]
[EventDate "2018.06.01"]
[PlyCount "98"]

1.e4 e5 2.Bc4 Nf6 3.d3 Nc6 4.Nc3 Na5 5.Nge2 Be7 6.a4 Nxc4 7.dxc4 O-O 8.O-O
d6 9.b3 Kh8 10.Bb2 Ng8 11.Nd5 c6 12.Ne3 Nh6 13.Ng3 f6 14.Qd3 Be6 15.Rad1 
Qc7 16.Kh1 Rad8 17.Qe2 Rd7 18.Nh5 Re8 19.f4 Bf8 20.Rf2 Bf7 21.Rdf1 exf4 
22.Rxf4 Rde7 23.Ng3 d5 24.Qf2 Kg8 25.cxd5 cxd5 26.Nxd5 Bxd5 27.exd5 Qd7 
28.Nh5 f5 29.Ng3 Ng4 30.Qd4 Ne3 31.Rg1 Nxc2 32.Qd3 Ne3 33.Nxf5 Rf7 34.g4 
Qxd5+ 35.Qxd5 Nxd5 36.Rd4 Nf6 37.g5 Ng4 38.Rf4 Re2 39.Rgxg4 g6 40.Bf6 gxf5
41.Rg2 Re1+ 42.Rg1 Rxg1+ 43.Kxg1 h6 44.Rxf5 Be7 45.h4 Kh7 46.Kg2 hxg5 47.
hxg5 Kg6 48.Rb5 Bxf6 49.gxf6 Kxf6 1/2-1/2

[Event "XIII American Continental"]
[Site "Montevideo URU"]
[Date "2018.06.04"]
[Round "5"]
[White "Erenburg, Sergey"]
[Black "Bick, Gabriel"]
[Result "1-0"]
[WhiteElo "2563"]
[BlackElo "2391"]
[EventDate "2018.06.01"]
[PlyCount "127"]

1.e4 e5 2.Nf3 Nc6 3.Bb5 a6 4.Ba4 Nf6 5.O-O b5 6.Bb3 Bc5 7.a4 Rb8 8.c3 d6 
9.d4 Bb6 10.a5 Ba7 11.h3 O-O 12.Be3 Ra8 13.Re1 h6 14.Nbd2 Re8 15.Qc2 exd4 
16.Bxd4 Bd7 17.Bxa7 Rxa7 18.Nf1 Be6 19.Bxe6 Rxe6 20.N1d2 Qd7 21.Re3 Ne5 
22.Nxe5 Rxe5 23.Nf3 Re7 24.Rd1 Qe8 25.Rde1 Ra8 26.b4 Rc8 27.e5 Nd5 28.Re4 
Qc6 29.c4 Rce8 30.exd6 Nxb4 31.Rxe7 Nxc2 32.Rxe8+ Kh7 33.cxb5 Qxd6 34.Rc1 
Nb4 35.bxa6 Qxa6 36.Rxc7 Qxa5 37.Rxf7 Nd5 38.Re5 Qb5 39.Kh2 Qc4 40.Rd7 
Qf4+ 41.Kg1 Qc1+ 42.Re1 Qc6 43.Rf7 Qg6 44.Rf8 Qd6 45.Rc8 Nb6 46.Rce8 Nd5 
47.g3 Qf6 48.Ne5 Qf5 49.Ng4 Nc3 50.R8e3 Nb5 51.Re5 Qd3 52.R5e3 Qf5 53.Re4 
Nc3 54.Re5 Qf3 55.R5e3 Qc6 56.Ne5 Qc7 57.Rd3 Nb5 58.Rd7 Qc3 59.Re3 Qa1+ 
60.Kg2 Nd4 61.Nf3 Nc6 62.Re4 Nb8 63.Rb7 Nc6 64.Rg4 1-0

[Event "XIII American Continental"]
[Site "Montevideo URU"]
[Date "2018.06.04"]
[Round "5"]
[White "Fernandez Cardoso, Alexey"]
[Black "Mareco, Sandro"]
[Result "0-1"]
[WhiteElo "2429"]
[BlackElo "2643"]
[EventDate "2018.06.01"]
[PlyCount "64"]

1.e4 c6 2.d4 d5 3.e5 Bf5 4.Nf3 e6 5.Be2 Ne7 6.O-O c5 7.c3 Nec6 8.Nbd2 Nd7 
9.dxc5 Bxc5 10.Nb3 Be7 11.Nfd4 Bg6 12.f4 O-O 13.Be3 Nb6 14.Nd2 Rc8 15.Nxc6
bxc6 16.Ba6 Rc7 17.a4 c5 18.a5 Nd7 19.Bb5 Nb8 20.Nf3 Rb7 21.Qe2 c4 22.Nd4 
Bd3 23.Qg4 Bc5 24.Ba4 Rxb2 25.f5 Bxf5 26.Rxf5 exf5 27.Qg3 Qxa5 28.Bh6 g6 
29.e6 Nc6 30.e7 Re8 31.Kf1 Nxd4 32.Re1 Qxa4 0-1

[Event "XIII American Continental"]
[Site "Montevideo URU"]
[Date "2018.06.04"]
[Round "5"]
[White "Cordova Daza, Emilio"]
[Black "Escalante Ramirez, Brian Sebastian"]
[Result "1-0"]
[WhiteElo "2621"]
[BlackElo "2422"]
[EventDate "2018.06.01"]
[PlyCount "95"]

1.Nf3 Nf6 2.c4 g6 3.Nc3 Bg7 4.g3 O-O 5.Bg2 d6 6.O-O e5 7.d4 Nc6 8.dxe5 
dxe5 9.Bg5 Be6 10.Nd2 Qc8 11.Bxf6 Bxf6 12.Nd5 Bg7 13.Ne4 Qd8 14.Nc5 Bc8 
15.Qa4 Ne7 16.Rfd1 Nxd5 17.cxd5 Qd6 18.Rac1 Rd8 19.Qc2 Qe7 20.Qc4 Kh8 21.
Na6 Bf5 22.Nxc7 Rac8 23.d6 Rxd6 24.Rxd6 Qxd6 25.Bxb7 Rb8 26.Bd5 Bh6 27.e3 
Rxb2 28.Qh4 g5 29.Qh5 Qg6 30.Bxf7 Qxh5 31.Bxh5 Rxa2 32.Rd1 Bf8 33.g4 Rc2 
34.Rd8 Rc1+ 35.Kg2 Be4+ 36.f3 Rxc7 37.Rxf8+ Kg7 38.Re8 Rc2+ 39.Kg3 Bd3 40.
Rxe5 Kf6 41.Rd5 Rd2 42.h4 gxh4+ 43.Kxh4 Rd1 44.Kg3 Be2 45.Rc5 Ra1 46.g5+ 
Ke6 47.Rc7 Kf5 48.Bg4+ 1-0

[Event "XIII American Continental"]
[Site "Montevideo URU"]
[Date "2018.06.04"]
[Round "5"]
[White "Liang, Awonder"]
[Black "Slipak, Sergio"]
[Result "1/2-1/2"]
[WhiteElo "2571"]
[BlackElo "2420"]
[EventDate "2018.06.01"]
[PlyCount "94"]

1.c4 e6 2.g3 d5 3.Nf3 Nf6 4.Bg2 Be7 5.O-O O-O 6.b3 c5 7.cxd5 exd5 8.d4 Nc6
9.Bb2 cxd4 10.Nxd4 Qb6 11.Nxc6 bxc6 12.Nc3 Bf5 13.e3 Rac8 14.Rc1 Rfd8 15.
Na4 Qb5 16.Qd4 c5 17.Qe5 Be6 18.Rfd1 Bd6 19.Qg5 h6 20.Qh4 Be7 21.Nc3 Qb6 
22.Na4 Qb5 23.Be5 Qe8 24.Bxf6 Bxf6 25.Qh5 c4 26.Bxd5 Qb5 27.e4 cxb3 28.
Rxc8 Rxc8 29.axb3 Rb8 30.e5 Be7 31.Nc3 Qa5 32.Bxe6 fxe6 33.Ne4 Qb5 34.Rc1 
Rf8 35.Rc7 Qxb3 36.Qg4 Rf7 37.Rxa7 Qb8 38.Ra5 Rf5 39.Kg2 Rxe5 40.Ra6 Qc8 
41.Ra7 Qf8 42.Qe2 Bc5 43.Ra2 Bxf2 44.Qc4 Bb6 45.Qc6 Qf5 46.Re2 Bd4 47.Qc2 
Kh7 1/2-1/2

[Event "XIII American Continental"]
[Site "Montevideo URU"]
[Date "2018.06.04"]
[Round "5"]
[White "Quintiliano Pinto, Renato Rodrigues"]
[Black "Pichot, Alan"]
[Result "1/2-1/2"]
[WhiteElo "2423"]
[BlackElo "2564"]
[EventDate "2018.06.01"]
[PlyCount "37"]

1.d4 Nf6 2.c4 e6 3.Nf3 d5 4.Nc3 dxc4 5.e4 b5 6.e5 Nd5 7.Nxb5 Nb6 8.Be2 Nc6
9.O-O Be7 10.Na3 Bxa3 11.bxa3 O-O 12.Be3 Bb7 13.Rc1 Qd5 14.Qc2 Ne7 15.Rfd1
Rab8 16.Bf1 Nf5 17.Bxc4 Nxc4 18.Qxc4 Qe4 19.d5 1/2-1/2

[Event "XIII American Continental"]
[Site "Montevideo URU"]
[Date "2018.06.04"]
[Round "5"]
[White "Gemy Vargas, Jose Daniel"]
[Black "Perez Ponsa, Federico"]
[Result "1/2-1/2"]
[WhiteElo "2393"]
[BlackElo "2556"]
[EventDate "2018.06.01"]
[PlyCount "67"]

1.e4 c5 2.Nf3 d6 3.c3 Nf6 4.h3 Nc6 5.d4 cxd4 6.cxd4 d5 7.exd5 Nxd5 8.Nc3 
e6 9.Bc4 Bb4 10.Bd2 O-O 11.a3 Be7 12.O-O Bf6 13.Be3 Nxc3 14.bxc3 b6 15.Qe2
Bb7 16.Rfd1 Na5 17.Ba2 Rc8 18.Ne5 Rxc3 19.Bd2 Rc7 20.Bxa5 bxa5 21.Qb5 Bxe5
22.Qxe5 Rd7 23.Rac1 Qa8 24.Rd3 Bd5 25.Rg3 g6 26.Bb1 Qb8 27.Qf6 Qb2 28.Rgc3
Qb7 29.h4 Qb8 30.h5 Qd8 31.Qe5 Qb8 32.Qf6 Qd8 33.Qe5 Qb8 34.Qf6 1/2-1/2

[Event "XIII American Continental"]
[Site "Montevideo URU"]
[Date "2018.06.04"]
[Round "5"]
[White "Santarius, Erik"]
[Black "Mekhitarian, Krikor Sevag"]
[Result "1/2-1/2"]
[WhiteElo "2387"]
[BlackElo "2546"]
[EventDate "2018.06.01"]
[PlyCount "155"]

1.d4 Nf6 2.c4 e6 3.Nf3 d5 4.g3 Bb4+ 5.Bd2 Be7 6.Bg2 O-O 7.O-O Nbd7 8.Qc2 
Ne4 9.Bf4 c6 10.h4 f5 11.Nc3 Bf6 12.Rad1 h6 13.Ne5 g5 14.Nxd7 Bxd7 15.hxg5
hxg5 16.Nxe4 gxf4 17.Nxf6+ Qxf6 18.gxf4 Kf7 19.Qb3 Rh8 20.Rd3 dxc4 21.Qxc4
Rag8 22.Rfd1 Qh4 23.Rg3 Rxg3 24.fxg3 Qxg3 25.Qb3 Qh2+ 26.Kf2 Qxf4+ 27.Qf3 
Qxf3+ 28.Bxf3 Kf6 29.e3 Rh7 30.Rh1 Rxh1 31.Bxh1 e5 32.dxe5+ Kxe5 33.Bf3 a5
34.a3 a4 35.Ke2 b6 36.Kd3 c5 37.Kc3 Bb5 38.Bd1 Bd7 39.Bf3 b5 40.Bg2 Kf6 
41.Bh3 Kg5 42.Kd2 Kh4 43.Bf1 Kg3 44.Bd3 Kf2 45.Bc2 b4 46.axb4 cxb4 47.Bd3 
Be6 48.Bc2 Bd7 49.Bd3 Kf3 50.Bc2 Kg3 51.Bd3 Kh4 52.Bc2 Kg5 53.Bd3 Kf6 54.
Kc1 Ke5 55.Kd2 Kd6 56.Kc1 Kd5 57.Kd2 Kc5 58.Kc2 Bc8 59.Kd2 Be6 60.Kc2 Kb6 
61.Kd2 Kc5 62.Kc2 Kd6 63.Kd2 Bd7 64.Bc2 Ke5 65.Bb1 Bb5 66.Bc2 Be8 67.Bd3 
Bc6 68.Bf1 Bd7 69.Bd3 Be6 70.Bc2 Bb3 71.Bd3 Ba2 72.Bb5 Bb3 73.Bd3 Bd5 74.
Bb5 a3 75.bxa3 bxa3 76.Kc3 a2 77.Kb2 Ke4 78.Bd7 1/2-1/2

[Event "XIII American Continental"]
[Site "Montevideo URU"]
[Date "2018.06.04"]
[Round "5"]
[White "Ruiz Castillo, Joshua Daniel"]
[Black "El Debs, Felipe De Cresce"]
[Result "0-1"]
[WhiteElo "2378"]
[BlackElo "2537"]
[EventDate "2018.06.01"]
[PlyCount "92"]

1.e4 c5 2.Nf3 Nc6 3.d4 cxd4 4.Nxd4 Nf6 5.Nc3 d6 6.Bg5 e6 7.Qd2 a6 8.O-O-O 
Bd7 9.f4 b5 10.Nxc6 Bxc6 11.Qe3 Be7 12.Bxf6 gxf6 13.f5 b4 14.Ne2 e5 15.Ng3
h5 16.h4 Qa5 17.Bc4 Rc8 18.Kb1 Ba4 19.Bb3 Bb5 20.Qf3 Qb6 21.Nxh5 a5 22.Qg4
Rf8 23.Rd2 a4 24.Bd5 Qe3 25.Qd1 Rh8 26.Rh3 Qc5 27.g4 Bc4 28.g5 Bxd5 29.
Rxd5 Qc4 30.gxf6 Bf8 31.Ng7+ Kd7 32.Qd3 Qxd3 33.Rdxd3 Rc4 34.Rde3 d5 35.b3
axb3 36.axb3 Rxe4 37.Rxe4 dxe4 38.h5 Rh6 39.Kc1 Rxf6 40.h6 Rd6 41.f6 Rxf6 
42.Kd2 Bxg7 43.hxg7 Rg6 44.Rh7 Rg2+ 45.Ke3 Ke6 46.Kxe4 Rg3 0-1

[Event "XIII American Continental"]
[Site "Montevideo URU"]
[Date "2018.06.04"]
[Round "5"]
[White "Morovic Fernandez, Ivan"]
[Black "Grabinsky, Aaron"]
[Result "0-1"]
[WhiteElo "2513"]
[BlackElo "2296"]
[EventDate "2018.06.01"]
[PlyCount "78"]

1.c4 Nf6 2.Nc3 e5 3.Nf3 Nc6 4.e3 Bb4 5.Qc2 O-O 6.Nd5 Bc5 7.Ng5 g6 8.Nxf6+ 
Qxf6 9.Ne4 Qe7 10.Be2 d6 11.a3 a5 12.b3 Ba7 13.Bb2 Be6 14.Nc3 Bf5 15.d3 
Qg5 16.g3 Bh3 17.Nd5 Qd8 18.Bf3 Nb8 19.Nc3 c6 20.b4 Nd7 21.Rc1 axb4 22.
axb4 Nf6 23.Ra1 Qd7 24.Ra5 Qf5 25.Qe2 Bb6 26.Rxa8 Rxa8 27.Kd2 h6 28.Ne4 
Ra2 29.Kc2 Bc7 30.g4 Qe6 31.Nc3 Ra8 32.Rg1 d5 33.Rg3 e4 34.cxd5 exf3 35.
Qxf3 Nxd5 36.Nxd5 cxd5 37.Rxh3 Be5 38.d4 Qc6+ 39.Kb1 Qc4 0-1

[Event "XIII American Continental"]
[Site "Montevideo URU"]
[Date "2018.06.04"]
[Round "5"]
[White "Muniz, Rafael"]
[Black "Hungaski, Robert"]
[Result "0-1"]
[WhiteElo "2290"]
[BlackElo "2510"]
[EventDate "2018.06.01"]
[PlyCount "137"]

1.e4 e6 2.d4 d5 3.Nd2 c5 4.exd5 exd5 5.Ngf3 Nc6 6.Bb5 Bd6 7.dxc5 Bxc5 8.
O-O Ne7 9.Nb3 Bd6 10.Re1 O-O 11.Bg5 Qc7 12.c3 Bg4 13.h3 Bh5 14.Be2 a6 15.
Bxe7 Nxe7 16.Nfd4 Bg6 17.Bd3 Rad8 18.Bxg6 hxg6 19.Qg4 Nc6 20.Re2 Rfe8 21.
Rae1 Rxe2 22.Rxe2 Ne5 23.Qh4 Nd7 24.Nf3 Nf6 25.Qd4 Ne4 26.Kf1 Bf8 27.Kg1 
b5 28.Nfd2 Nf6 29.Nf1 a5 30.a4 Rb8 31.Ne3 Qd7 32.axb5 Qxb5 33.Nc1 Bc5 34.
Qd3 Qc6 35.Rd2 Ne4 36.Qxd5 Qxd5 37.Rxd5 Bxe3 38.fxe3 Rxb2 39.Nd3 Rd2 40.
Re5 Rd1+ 41.Kh2 Rxd3 42.Rxe4 Rxc3 43.Re8+ Kh7 44.Ra8 Rc5 45.h4 g5 46.hxg5 
Rxg5 47.Kg1 Kg6 48.Kf2 f6 49.Ra7 Kh5 50.e4 Kg4 51.e5 Rf5+ 52.Kg1 Rxe5 53.
Rxg7+ Kf4 54.Kf2 Ke4 55.Ra7 Kd3 56.Ra6 f5 57.Rc6 Kd4 58.Kf3 Rc5 59.Rb6 Kc4
60.Ke3 Rd5 61.Rb8 a4 62.Ra8 Kb4 63.g4 fxg4 64.Rg8 a3 65.Rxg4+ Kb3 66.Rg8 
a2 67.Ra8 Rb5 68.Kd3 Kb2 69.Kd4 0-1

[Event "XIII American Continental"]
[Site "Montevideo URU"]
[Date "2018.06.04"]
[Round "5"]
[White "De Dovitiis, Alejo"]
[Black "Rodriguez Vila, Andres"]
[Result "0-1"]
[WhiteElo "2343"]
[BlackElo "2483"]
[EventDate "2018.06.01"]
[PlyCount "76"]

1.e4 e5 2.Nf3 Nc6 3.Bb5 a6 4.Ba4 Nf6 5.O-O b5 6.Bb3 Bc5 7.c3 d6 8.d4 Bb6 
9.dxe5 Nxe5 10.Nxe5 dxe5 11.Qxd8+ Kxd8 12.Bg5 Ke7 13.a4 Bb7 14.Nd2 h6 15.
Bh4 Rhd8 16.Rad1 g5 17.Bg3 Nd7 18.Bc2 f6 19.b4 c5 20.axb5 axb5 21.c4 Bc6 
22.Bd3 bxc4 23.b5 cxd3 24.bxc6 Nb8 25.Nc4 Bc7 26.Ne3 Nxc6 27.Nd5+ Rxd5 28.
exd5 Nb4 29.Rb1 Kd6 30.f3 Nxd5 31.Rfc1 Ra4 32.Be1 c4 33.h4 Bb6+ 34.Kh2 Be3
35.Rd1 Ra2 36.hxg5 hxg5 37.Kh3 f5 38.g3 d2 0-1

[Event "XIII American Continental"]
[Site "Montevideo URU"]
[Date "2018.06.04"]
[Round "5"]
[White "Coro, Lucas"]
[Black "Tristan, Leonardo"]
[Result "1/2-1/2"]
[WhiteElo "2269"]
[BlackElo "2459"]
[EventDate "2018.06.01"]
[PlyCount "48"]

1.e4 e5 2.Nf3 Nc6 3.Bb5 a6 4.Ba4 Nf6 5.O-O Be7 6.Re1 b5 7.Bb3 d6 8.c3 O-O 
9.h3 Na5 10.Bc2 c5 11.d4 Nd7 12.a4 b4 13.cxb4 cxb4 14.Nbd2 Bb7 15.d5 Rc8 
16.Nf1 b3 17.Bxb3 Nxb3 18.Qxb3 Nc5 19.Qd1 a5 20.Ng3 Ba6 21.Ra3 g6 22.Bh6 
Re8 23.Nh2 Rb8 24.Bc1 Bg5 1/2-1/2

[Event "XIII American Continental"]
[Site "Montevideo URU"]
[Date "2018.06.04"]
[Round "5"]
[White "Panjwani, Raja"]
[Black "Kapitanchuk, Tomas"]
[Result "1-0"]
[WhiteElo "2456"]
[BlackElo "2253"]
[EventDate "2018.06.01"]
[PlyCount "87"]

1.d4 Nf6 2.c4 c5 3.d5 e6 4.Nf3 d6 5.Nc3 exd5 6.cxd5 g6 7.h3 Bg7 8.e4 a6 9.
a4 Nbd7 10.Bd3 Nh5 11.Bg5 Bf6 12.Bh6 Ne5 13.Be2 Nxf3+ 14.Bxf3 Ng7 15.Bf4 
O-O 16.O-O Qe7 17.Qd2 Bd7 18.a5 Be5 19.Bxe5 Qxe5 20.Na4 f5 21.Nb6 Bb5 22.
Rfe1 Rae8 23.exf5 Qxf5 24.Bg4 Qf7 25.Rxe8 Rxe8 26.Re1 Nf5 27.Rxe8+ Bxe8 
28.Nc8 Qd7 29.Bxf5 gxf5 30.Qg5+ Bg6 31.Nb6 Qe8 32.h4 Qe1+ 33.Kh2 Qe5+ 34.
f4 Qg7 35.Nc4 h6 36.Qd8+ Kh7 37.Nxd6 Qxb2 38.h5 Bxh5 39.Nxf5 Qe2 40.Qd7+ 
Kg6 41.Ng3 Qg4 42.Qe8+ Kf6 43.Nxh5+ Kf5 44.Qe6# 1-0

[Event "XIII American Continental"]
[Site "Montevideo URU"]
[Date "2018.06.04"]
[Round "5"]
[White "Donoso Diaz, Sebastian"]
[Black "Sosa, Tomas"]
[Result "1-0"]
[WhiteElo "2184"]
[BlackElo "2453"]
[EventDate "2018.06.01"]
[PlyCount "109"]

1.d4 Nf6 2.c4 d6 3.Nf3 Bg4 4.Nc3 Bxf3 5.exf3 e6 6.d5 exd5 7.Nxd5 Nxd5 8.
cxd5 Be7 9.Qb3 O-O 10.Qxb7 Nd7 11.Be2 Rb8 12.Qa6 Bf6 13.Rb1 Bc3+ 14.Kf1 
Nc5 15.Qc4 Qf6 16.b4 a5 17.a3 Rfe8 18.g3 axb4 19.axb4 Na4 20.Rb3 Bd4 21.
Rd3 Nc3 22.Bb2 Rxe2 23.Bxc3 Rxf2+ 24.Kg1 Bxc3 25.Kxf2 Bxb4 26.Rb3 Bc5+ 27.
Kg2 Ra8 28.Rhb1 Bb6 29.Qe2 g6 30.h4 h5 31.Rd3 Kh7 32.Kh2 Qf5 33.Rb4 Ra1 
34.Rd1 Ra8 35.Rf4 Qd7 36.Re4 Qf5 37.Rf4 Qd7 38.Re1 Kg7 39.Qb2+ Kh7 40.Qe2 
Ra5 41.Qc4 Rc5 42.Qd3 Ra5 43.Re2 Ra1 44.g4 Ra4 45.Rfe4 Rxe4 46.Qxe4 hxg4 
47.fxg4 Qb5 48.Qf3 Kg8 49.Re7 Qb2+ 50.Kh3 Qg7 51.g5 Kf8 52.Re4 Bd4 53.Qg4 
Kg8 54.Rxd4 Kh7 55.Qf4 1-0

[Event "XIII American Continental"]
[Site "Montevideo URU"]
[Date "2018.06.04"]
[Round "5"]
[White "Teixeira, Ricardo da Silva"]
[Black "Roselli Mailhe, Bernardo"]
[Result "0-1"]
[WhiteElo "2235"]
[BlackElo "2433"]
[EventDate "2018.06.01"]
[PlyCount "150"]

1.Nf3 Nf6 2.c4 g6 3.Nc3 Bg7 4.e4 d6 5.d4 O-O 6.Be2 e5 7.dxe5 dxe5 8.Qxd8 
Rxd8 9.Bg5 Nbd7 10.O-O-O Rf8 11.Ne1 Nc5 12.f3 c6 13.Nc2 a5 14.b3 Re8 15.
Kb2 Nh5 16.Be3 Bf8 17.g3 f5 18.exf5 Bxf5 19.g4 Bxc2 20.Kxc2 Nf4 21.Rhe1 
Ng2 22.Bxc5 Nxe1+ 23.Rxe1 Bxc5 24.Ne4 Be7 25.a4 Rf8 26.Rg1 Rad8 27.Rg2 Kg7
28.Rg1 Bb4 29.Rd1 Rxd1 30.Bxd1 Rd8 31.Be2 Kf7 32.h3 Ke7 33.Bf1 Rf8 34.Be2 
Kd7 35.Bd1 Kc7 36.Be2 Kb6 37.Bd1 h5 38.Be2 Rh8 39.Bd1 hxg4 40.hxg4 Rh1 41.
Be2 Re1 42.Bd1 Ka6 43.Kc1 b5 44.Kc2 Kb6 45.Kc1 Rg1 46.Kc2 bxa4 47.bxa4 Rh1
48.Kc1 Rh2 49.Bc2 Bc5 50.Kd1 Rh1+ 51.Ke2 Ra1 52.Bb3 Ra3 53.Bd1 Be3 54.Bc2 
Bd4 55.Bd1 Be3 56.Bc2 Bf4 57.Bd1 Re3+ 58.Kf2 Rd3 59.Ke2 Rd4 60.Bb3 Ka7 61.
Ba2 Rd8 62.Bb3 Rb8 63.Bc2 Rh8 64.Kd3 Rh1 65.Ke2 Ra1 66.Bd1 Rc1 67.Bb3 Kb8 
68.Kd3 Re1 69.c5 Re3+ 70.Kc2 Rxf3 71.Bf7 g5 72.Nd6 Be3 73.Be8 Bxc5 74.Nc4 
Bd4 75.Nxa5 Kc7 0-1

[Event "XIII American Continental"]
[Site "Montevideo URU"]
[Date "2018.06.04"]
[Round "5"]
[White "Henriquez Villagra, Cristobal"]
[Black "Balzano, Ivan"]
[Result "1-0"]
[WhiteElo "2518"]
[BlackElo "2142"]
[EventDate "2018.06.01"]
[PlyCount "107"]

1.e4 c5 2.Nf3 Nc6 3.d4 cxd4 4.Nxd4 e5 5.Nb5 a6 6.Nd6+ Bxd6 7.Qxd6 Qe7 8.
Qd1 Nf6 9.Nc3 d6 10.Be2 h6 11.Be3 O-O 12.O-O b5 13.a4 b4 14.Nd5 Nxd5 15.
exd5 Nd4 16.Bxd4 exd4 17.Re1 Qf6 18.Qd2 Bf5 19.Rad1 Rfc8 20.Rc1 a5 21.Bb5 
Rc5 22.Bc6 Rb8 23.h3 b3 24.cxb3 Rxb3 25.Rxc5 dxc5 26.Qf4 g5 27.Qc7 Rxb2 
28.d6 d3 29.Bf3 d2 30.Re8+ Kg7 31.Kh2 Rb1 32.Qe7 d1=Q 33.Bxd1 Rxd1 34.Rg8+
Kxg8 35.Qxf6 Be6 36.Qxh6 Rd5 37.Qf6 c4 38.Qd8+ Kg7 39.Qc7 Kg6 40.f3 Kh7 
41.Qxc4 Rxd6 42.Qe4+ Kh6 43.Qa8 Rd5 44.Qg8 Rf5 45.g4 Rxf3 46.Qh8+ Kg6 47.
Qh5+ Kf6 48.Qh6+ Ke5 49.Qxg5+ Ke4 50.Qxa5 Bd5 51.Qb4+ Ke5 52.Qb2+ Kf4 53.
Qd2+ Ke5 54.a5 1-0

[Event "XIII American Continental"]
[Site "Montevideo URU"]
[Date "2018.06.04"]
[Round "5"]
[White "Vera Siguenas, Deivy"]
[Black "Cimer, Emanuel"]
[Result "1-0"]
[WhiteElo "2516"]
[BlackElo "2262"]
[EventDate "2018.06.01"]
[PlyCount "69"]

1.d4 Nf6 2.c4 g6 3.Nc3 Bg7 4.e4 d6 5.h3 O-O 6.Be3 Nbd7 7.Nf3 e5 8.d5 Nc5 
9.Qc2 a5 10.Be2 a4 11.g4 Re8 12.a3 Bd7 13.Nd2 Rf8 14.O-O-O c6 15.Rdg1 Ne8 
16.g5 cxd5 17.exd5 Bf5 18.Nde4 b5 19.Bxc5 dxc5 20.cxb5 Nd6 21.f3 Qb6 22.
Kb1 c4 23.Qc1 Nxb5 24.Nxb5 Qxb5 25.Bxc4 Qb6 26.Qd2 Rab8 27.Rc1 Rb7 28.Rhd1
Rfb8 29.Rc2 Bf8 30.d6 Rd8 31.Bd5 Rbb8 32.Rc6 Qb5 33.Rc7 Bxe4+ 34.fxe4 Rxd6
35.Qf2 1-0